000
00307nam a22001337a 4500
999
_c
8030
_d
8030
003
OSt
008
200619b ||||| |||| 00| 0 eng d
020
_a
9781408128817
082
_a
724
_b
LEE
100
_a
Lees, Stephen
245
_a
Visions of architecture
260
_a
London
_b
A&C Black
_c
2011
942
_2
ddc